Giáo trình giao tiếp sư phạm

Những vấn đề chung về giao tiếp sư phạm. Phát triển năng lực giao tiếp sư phạm

Đã lưu trong:
Chi tiết về thư mục
Tác giả chính: Lê Quang Sơn
Tác giả khác: Nguyễn Văn Lũy
Định dạng: Sách
Ngôn ngữ:Vietnamese
Được phát hành: H. Đại học sư phạm 2015
Những chủ đề:
Các nhãn: Thêm thẻ
Không có thẻ, Là người đầu tiên thẻ bản ghi này!
Thư viện lưu trữ: Mạng thư viện Đại học Đà Nẵng
LEADER 01197nam a2200337 4500
001 000023451
003 19902
005 20151209101220.0
008 151209s2015 viesd
020 |c 49000 
041 0 |a vie 
082 1 4 |a 371.1022  |b LÊ-S 
100 1 |a Lê Quang Sơn 
245 1 0 |a Giáo trình giao tiếp sư phạm  |c Lê Quang Sơn, Nguyễn Văn Lũy 
260 |a H.  |b Đại học sư phạm  |c 2015 
300 |a 199 tr.  |c 21 cm. 
504 |a Thư mục đầu sách 
520 3 |a Những vấn đề chung về giao tiếp sư phạm. Phát triển năng lực giao tiếp sư phạm 
650 0 4 |a Giao tiếp sư phạm  |v Giáo trình 
653 |a Giao tiếp sư phạm 
700 1 |a Nguyễn Văn Lũy 
OWN |a LSP 
AVA |a UDN50  |b LSP  |d 371.1022 LÊ-S  |e check_holdings  |t Error 5003 Not defined in file expand_doc_bib_avail.  |h N  |k 1 
999 |a From the UDN01 
AVA |a UDN50  |b LSP  |d 371.1022 LÊ-S  |e available  |t Error 5001 Not defined in file expand_doc_bib_avail.  |f 100  |g 55  |h N  |i 413  |k 1 
TYP |a Monograph 
TYP |a Printed language 
980 |a Mạng thư viện Đại học Đà Nẵng